| 000 | 01021nam a2200313 c 4500 | ||
|---|---|---|---|
| 001 | 59136 | ||
| 003 | CO-BoRNBP | ||
| 005 | 20250911202920.0 | ||
| 007 | ta | ||
| 008 | 141031s2013 ck a gr 000 j spa d | ||
| 020 | _a9789583000881 | ||
| 040 |
_aCO-BoRNBP _bspa _erda _cCO-BoRNBP |
||
| 041 | _aspa | ||
| 084 | _aC | ||
| 100 |
_aBáidaba _eaut _94550 |
||
| 245 | 1 | 0 |
_aCalila y Dimna / _cBáidaba ; versión directa del árabe y presentación Antonio Chalita Sfair. |
| 250 |
_aPrimera edición _bDecimocuarta reimpresión |
||
| 264 | 1 |
_aBogotá, Colombia : _bPanamericana, _c2013 |
|
| 300 |
_a304 páginas : _bilustraciones a blanco y negro |
||
| 336 |
_atexto _btxt _2rdacontent |
||
| 337 |
_asin mediación _bn _2rdamedia |
||
| 338 |
_avolumen _bnc _2rdacarrier |
||
| 521 | _aRecomendado desde los 15 años | ||
| 650 | 0 | 4 |
_aCuentos hindues _2LEMB _916920 |
| 650 | 0 | 4 |
_aFábulas hindues _2LEMB _94551 |
| 650 | 0 | 4 |
_aLiteratura hindú _2LEMB _964874 |
| 700 |
_aChalita Sfair, Antonio _ewpr _964875 |
||
| 942 |
_2loc _cBKLIT |
||
| 999 |
_c59136 _d59136 |
||